Musicals: Going Solo! Quiz Stats

 Plays Quiz not verified by Sporcle

Score 0/25 Timer 06:00
3 Plays Today
Question Answer Wrong Answers
Tomorrow
Annie
Annie
97.5%
Miss Hannigan
0.8%
Daddy Warbucks
1.2%
F.D.R.
0.6%
Don't Cry for Me Argentina
Evita
Eva Perón
94.8%
Che
1.1%
Juan Perón
1.3%
Augustin Magaldi
1.1%
Part of Your World
The Little Mermaid
Ariel
93%
Prince Eric
1.9%
Ursula
1.7%
Sebastian
2.3%
Don't Rain on My Parade
Funny Girl
Fanny
88%
Nick
1.6%
Eddie
2.5%
Mrs. Strakosh
2.8%
The Music of the Night
The Phantom of the Opera
Phantom
84.2%
Raoul
3.1%
Christine
5.8%
Meg
1.1%
Maria
West Side Story
Tony
83.7%
Maria
7.6%
Riff
0.8%
Anita
2.1%
Chim Chim Cher-ee
Mary Poppins
Bert
80.9%
Mary Poppins
11.3%
Jane
0.4%
Michael
1.5%
Beauty and the Beast
Beauty and the Beast
Mrs. Potts
80.9%
Lumiere
8.9%
Cogsworth
3.1%
Chip
1.2%
If I Were a Rich Man
Fiddler on the Roof
Tevye
79.3%
Golde
2.9%
Lazar Wolf
2.6%
Yente
14.1%
The Impossible Dream (The Quest)
Man of La Mancha
Don Quixote
76.2%
Sancho
9.7%
Aldonza
4.5%
Antonia
4.9%
Memory
Cats
Grizabella
75.8%
Old Deuteronomy
5.1%
Rum Tum Tugger
6.3%
Mistoffelees
10.5%
Popular
Wicked
Glinda
74.6%
Elphaba
18.3%
Fiyero
1.6%
Nessarose
2.4%
I've Grown Accustomed to Her Face
My Fair Lady
Henry Higgins
73.8%
Colonel Pickering
4.7%
Freddy Eynsford-Hill
4.1%
Alfred P. Doolittle
12.6%
I Dreamed a Dream
Les Misérables
Fantine
69.1%
Eponine
10.6%
Jean Valjean
13.1%
Javert
2.5%
Whatever Lola Wants (Lola Gets)
Damn Yankees
Lola
67.2%
Applegate
4.2%
Meg
5.9%
Joe
18%
The Worst Pies in London
Sweeney Todd
Mrs. Lovett
61.6%
Sweeney Todd
24.4%
Toby
3%
Judge Turpin
4.8%
The Winner Takes It All
Mamma Mia!
Donna
58.3%
Sophie
23.2%
Rosie
9.1%
Tanya
4.7%
Climb Every Mountain
The Sound of Music
The Mother Abbess
57.6%
Maria
30.9%
Captain von Trapp
6%
Liesl
1.9%
And I Am Telling You I'm Not Going
Dreamgirls
Effie
57.1%
Deena
13.4%
Lorrell
7.2%
Michelle
16.1%
Oh, What a Beautiful Mornin'
Oklahoma!
Curly
56.9%
Laurey
13.9%
Jud
18.2%
Aunt Eller
8%
You'll Be Back
Hamilton
King George III
55.1%
Hamilton
23.2%
Burr
9.7%
Eliza
6.6%
Somewhere That's Green
Little Shop of Horrors
Audrey
48.9%
Audrey II
11%
Seymour
29.7%
Mushnik
4.8%
One Song Glory
Rent
Roger
47.5%
Mark
20.1%
Joanne
11.5%
Maureen
15.8%
Last Midnight
Into the Woods
Witch
46.4%
Baker
6.4%
Little Red Riding Hood
18.5%
Cinderella
22.9%
I Can Do That
A Chorus Line
Mike
25.3%
Paul
18.8%
Bobby
34.5%
Don
15.3%

You're not logged in!

Compare scores with friends on all Sporcle quizzes.
OR
Log In

Show Comments

Extras

Top Quizzes Today


Score Distribution

Your Account Isn't Verified!

In order to create a playlist on Sporcle, you need to verify the email address you used during registration. Go to your Sporcle Settings to finish the process.

Report this User

Report this user for behavior that violates our Community Guidelines.

Details: